Dopasuj aktora do filmu - Statystyki

Ogólne statystyki
  • Ten quiz został rozwiązany 91 razy
  • Średni wynik to 12 z 15
Statystyki odpowiedzi
Zagadnienie Odpowiedź % Poprawnych
Gliniarz z Beverley Hills Eddie Murphy
100%
Arthur Fleck (Joker) Joaquin Phoenix
100%
Jordan Belfort (Wilk z Wall Street) Leonardo Di Caprio
100%
Ghost Rider/Jhonny Blaze (Ghost Rider) Nicolas Cage
100%
Maximus (Gladiator) Russel Crowe
100%
(Robert Neville)Jestem Legendą Will Smith
100%
Frank Drebin (Seria: Naga Broń) Leslie Nielsen
91%
Alan Parish (Jumanji) Robin Williams
91%
Inspektor Ludovic Cruchot (Seria:Żandarm) Louis De Funes
82%
Christopher Dubois (Quest) Jean-Claude Van Damme
64%
Nicholas Van Orton (Gra) Michael Douglas
64%
(Roy O'Bannon) Rycerze z Szanghaju Owen Wilson
64%
Jack Slater (Bohater Ostatniej Akcji) Arnold Schwarzenegger
45%
Inspektor Abberline (Z Piekła Rodem) Johnny Depp
45%
Abraham Van Helsing (Van Helsing) Hugh Jackman
36%
Nie znaleziono quizów pasujących do podanych kryteriów
Rozkład punktacji
Procent ludzi z każdym wynikiem
Percentyl według liczby udzielonych odpowiedzi
Twoja historia wyników
Nie rozwiązałeś tego quizu